Harry Potter A-Z- Extreme Version - Statistics

General Stats
  • This quiz has been taken 133 times
  • The average score is 16 of 26
Answer Stats
Letter Hint Answer % Correct
C Ravenclaw seeker and Harry’s ex girlfriend Cho Chang
94%
D 5th year teacher that Harry loathed Dolores Umbridge
89%
F Charms teacher and Hufflepuff Head of House Filius Flitwick
84%
G Harry’s girlfriend how smelt of flowers Ginny Weasley
84%
A Wizard who’s patronus was a goat Aberforth Dumbledore
83%
L Ravenclaw girl who was nicknamed “Looney” Luna Lovegood
83%
P Hermiones is an otter. Harry’s a stag Patronus
80%
S The amount of Harry Potter Books Seven
80%
H Lazy, overweight potions professor Horace Slughorn
79%
J Hermiones Middle Name Jean
79%
V Romilda——— Snuck love potion into Harry’s chocolate Vane
73%
W Crouches house elf Winky
71%
Q 1st year DADA teacher’s first name Quirrinus
69%
B The book of nursery rhymes that was left in Dumbledore’s will Beedle the Bard
63%
X L answers father Xenophilius Lovegood
63%
U Official name of the curses: Avada Kedavra, Imperious and Crucio Unforgivable Curses
60%
Y Corban——-death eater on tower Yaxley
60%
I One of the three Peverells Ignotus Peverell
59%
Z Hufflepuff whom Ron detested Zacharias Smith
56%
N Creature that likes sparkling things Niffler
51%
R Uncommon Centaur close friends to Bane Ronan
47%
M Muffling spell of the “princes” Muffliato
46%
T Severus’s Father’s name Tobias Snape
46%
E Harry’s signature spell Expelliamus
22%
O —-the hero: Hagrids favourite song Odo
18%
K Durmstrang death eater headmaster Igor Karakaroff
6%
No matching quizzes found
Score Distribution
Percent of People with Each Score
Percentile by Number Answered
Your Score History
You have not taken this quiz